000 00866nam a2200193 i 4500
001 138534
003 ES-MaACL
005 20240516220131.0
007 t|
008 070214s1973 sp r ||||1| spa d
100 1 _aSans Falguera, Pedro.
_9103205
245 1 0 _aSíntesis de la sensacional y auténtica vida ejemplar de Carolina Pacharó
_b: contiene además las memorias del autor y también del mismo autor las adaptaciones en teatro y en cine de la soberana obra de Cervantes El ingenioso hidalgo Don Quijote de la Mancha /
_cPedro Sans Falguera.
260 _aBarcelona :
_bMiguel Arimany,
_c1973.
300 _a228 p. ;
_c23 cm.
600 1 4 _aPacharó, Carolina.
_9158874
600 1 4 _aCervantes Saavedra, Miguel de,
_d1547-1616.
_tDon Quijote de la Mancha-
_xAdaptaciones cinematográficas
_937613
852 _aES-MaACL
_jC-53850
999 _c138534
_d138534